| 000 | 00000cas 2200000zi 4500 |
| 001 | 9.905067 |
| 003 | CaOODSP |
| 005 | 20260410082702 |
| 006 | m o d f |
| 007 | cr ||||||||||| |
| 008 | 211118d20082014oncar p o f0###b0fre|d |
| 040 | |aCaOODSP|bfre|erda|cCaOODSP |
| 043 | |an-cn--- |
| 086 | 1 |aA101-19F-PDF |
| 245 | 00|aProjet sur les aliments destinés aux enfants : |brapport d'échantillonnage / |cAgence canadienne d'inspection des aliments. |
| 264 | 1|a[Ottawa] : |bAgence canadienne d'inspection des aliments = Canadian Food Inspection Agency |
| 310 | |aAnnuel |
| 336 | |atexte|btxt|2rdacontent/fre |
| 337 | |ainformatique|bc|2rdamedia/fre |
| 338 | |aressource en ligne|bcr|2rdacarrier/fre |
| 362 | 1 |aParaît depuis 2007/2008; ne paraît plus après 2013/2014. |
| 500 | |aPublié aussi en anglais sous le titre : Children's food project - report on sampling . |
| 588 | |aDescription d'après : 2007/2008. |
| 588 | |aDernière livraison consultée : 2013/2014. |
| 650 | 6|aAliments pour nourrissons|xContamination|zCanada|vPériodiques. |
| 655 | 7|aPériodiques|2rvmgf |
| 710 | 2 |aAgence canadienne d'inspection des aliments, |eorganisme de publication. |
| 775 | 08|tChildren's food project : |w(CaOODSP)9.905039 |
| 785 | 00|tRapport annuel ... / |w(CaOODSP)9.958094 |